00561nam a22001812 4500001001100000005001700011008004100028020001700069040001500086100003700101245006600138260002600204300001500230650004200245650004700287650004200334852000300376000002550620151217154550.0151009s xx 000 0 eng d a0199207206 : aKABUcKABU1 aLewinski, Silke Von.@000018619010aInternational copyright law and policy /cSilke Von Lewinski. aOxford :bOUP,c2008. alx, 618 p. 0aCopyright, International.@0000181532 0aCopyrightxNeighboring rights.@0000186191 0aForeign trade regulation.@00001627691